| 000 | 00910nam a2200241 a 4500 | ||
|---|---|---|---|
| 999 |
_c6844 _d6844 |
||
| 001 | 6844 | ||
| 003 | BD-JhCC | ||
| 005 | 20180131095806.0 | ||
| 008 | 180131s2011 bg |||| || | 000 0 ben d | ||
| 035 | _a(BD-JhCC)6844 | ||
| 040 |
_aBD-JhCC _dBD-JhCC |
||
| 041 | _aeng | ||
| 082 |
_a954 _bMAM 2011 |
||
| 100 | _aমামুন, মুনতাসীর | ||
| 245 |
_aভারত-বাংলাদেশ সম্পর্কের চালচিত্র বর্তমান পরিপ্রেক্ষিত / _cমুনতাসীর মামুন এবং জয়ন্ত কুমার রায় |
||
| 260 |
_aঢাকা : _bমাওলা ব্রাদার্স, _c2011 |
||
| 300 |
_a157 p. : _c22 cm. |
||
| 650 |
_aForeing Relations _zIndia |
||
| 650 | _zBangladesh | ||
| 700 | _aরায়, জয়ন্ত কুমার | ||
| 942 |
_2ddc _cBK |
||